000 00243nam a22000857a 4500
008 160820b xxu||||| |||| 00| 0 eng d
100 _9186
_aJain G
245 _aIndian Prime Ministers with notable speeches
260 _aNew Delhi
_bMaanu Graphics
_c2012
999 _c2844
_d2844